• 首页
  • 本馆介绍
  • 公告通知
  • 最新文献
  • 馆藏检索
  • 电子资源
  • 读者导购
  • 参考咨询
  • 我的图书馆
  • 登录
  • 详细信息显示
  • 放入我的书架
  • 预约/预借图书
  • 作者相关作品
  • 分类相关作品
  • 丛书相关作品
  • 出版社相关作品

书目信息

  • 表格格式
  • 工作单格式
  • 卡片格式
题名:
深入解析IPv6
    
 
作者: 戴维斯 著 ;汪海霖 译
分册:  
出版信息: 北京   人民邮电出版社  2014
页数: 13,527页
开本: 24cm
丛书名:
单 册:
中图分类: TN915.04
科图分类:
主题词: 互联网络--通信协议 , 互联网络 , 通信协议
电子资源:
ISBN: 978-7-115-33581-4
000 01250nam0 2200301 450
001 523
005 20140910085730.48
010    @a978-7-115-33581-4@dCNY99.00
100    @a20140318d2014 em y0chiy50 ea
101 1  @achi@ceng
102    @aCN@b110000
105    @ay z 001yy
106    @ar
200 1  @a深入解析IPv6@AShen Ru Jie Xi IPv6@f(美)Joseph Davies著@F( Mei )Joseph Davies Zhu@g汪海霖译
210    @a北京@c人民邮电出版社@d2014
215    @a13,527页@d24cm
305    @a由微软出版社授权出版 据原书第3版译出
312    @a英文原名:Understanding IPv6
330    @a本书详细讲述了IPv6(Internet Protocol version 6)的概念、原理与实现过程,并结合微软公司主流的操作系统讲解了IPv6的具体实现与应用方法。全书分为20章和8个附录,其内容涵盖了IPv6的基本概念、IPv6编址、IPv6报头的分析、IPv6中使用的协议、IPv6过渡技术、IPv6安全等知识,并结合IPv6在Windows 环境中的配置、实施示例,进一步阐释了IPv6的功能,及在Windows中的用途。
510 1  @aunderstanding IPv6@zeng
606 0  @a互联网络@x通信协议
606 0  @a互联网络
606 0  @a通信协议
690    @aTN915.04@v5
701  0 @c(美)@a戴维斯@ADai Wei Si@c(Davies, Joseph)@4著
702  0 @a汪海霖@AWang Hai Lin@4译
801  0 @aCN@bTANGWEI@c20140603
905    @b0841580-82@dTN915.04@e103@f3
    
    深入解析IPv6/(美)Joseph Davies著/汪海霖译.-北京:人民邮电出版社,2014
    13,527页;24cm
    
    
    ISBN 978-7-115-33581-4:CNY99.00
    本书详细讲述了IPv6(Internet Protocol version 6)的概念、原理与实现过程,并结合微软公司主流的操作系统讲解了IPv6的具体实现与应用方法。全书分为20章和8个附录,其内容涵盖了IPv6的基本概念、IPv6编址、IPv6报头的分析、IPv6中使用的协议、IPv6过渡技术、IPv6安全等知识,并结合IPv6在Windows 环境中的配置、实施示例,进一步阐释了IPv6的功能,及在Windows中的用途。
●
相关链接 在E读中查询图书 在五车中查询图书 在当当中查询图书 在豆瓣中查询图书


正题名:深入解析IPv6     索取号:TN915.04/103         预约/预借

序号 登录号 条形码 馆藏地/架位号 状态 备注
1 0841580   208415801   第二样本阅览室/ [索取号:TN915.04/103] 在馆    
2 0841581   208415810   密集书库—计算机科学学院/ [索取号:TN915.04/103] 在馆    
3 0841582   208415829   第三借阅区/ [索取号:TN915.04/103] 在馆    
唐山师范学院图书馆 欢迎您!
大连网信软件有限公司© 版权所有